01651nam a2200337 a 4500003000900000005001700009007000300026008004100029020001500070040002500085082001800110245012900128260003600257300002100293504003000314590002700344650005200371650005600423700004100479700003600520700003300556710005500589910001400644942001400658952012000672952012600792952012600918952012601044952012601170999001701296DO-SdBNP20250123131622.0ta100312s2000 dr d r 001 0 spa d a9993450006 aDO-SdBNPbspacBNPHU a327.729bI61s00aIntegración, sociedad y política en el Caribe /ceditor Wilfredo Lozano ; coordinadoras Alejandra Liriano, Lilian Bobea  aSanto Domingo :bFLACSO,c2000. a390 p. ;c23 cm. aBibliografía p: 383-387 aInventariado, 2022/ YL 4aCaribe (Región)xRelaciones exteriores982632 4aCaribe (Región)xIntegración económica9826331 aHernández Mella, Rocioeed.9122631 aLiriano, Alejandraecoord.97601 aBobea, Lilianecoord.9116611 aFacultad Latinoamericana de Ciencias Sociales9294 aYLockward 2ddccLBS1 00102ddc51708PDaBNPHUbBNPHUcCTd2022-04-20eFLACSOl0o327.729 I61sp2022-4647r2022-11-01w2022-11-01yLBS1 00102ddc51708PDaBNPHUbBNPHUcCTd2022-04-20eFLACSOl0o327.729 I61sp2022-4648r2022-11-01te. 2w2022-11-01yLBS1 00102ddc56708DSaBNPHUbBNPHUcCTd2022-04-20eFLACSOl0o327.729 I61sp2022-4649r2022-11-01te. 3w2022-11-01yLBS1 00102ddc56708DSaBNPHUbBNPHUcCTd2022-04-20eFLACSOl0o327.729 I61sp2022-4653r2022-11-01te. 4w2022-11-01yLBS1 00102ddc56708DSaBNPHUbBNPHUcCTd2022-04-20eFLACSOl0o327.729 I61sp2022-4654r2022-11-01te. 5w2022-11-01yLBS1 c52703d52703